|
|
|
|
| LEADER |
01286nam a22003257i 4500 |
| 001 |
001853174 |
| 003 |
CZ BrMZK |
| 005 |
20230323152855.0 |
| 007 |
ta |
| 008 |
230323s1935 fr er|||||||||||fre d |
| 040 |
|
|
|a BOA001
|b cze
|e rda
|
| 100 |
1 |
|
|a Pernot, Maurice,
|d 1875-1948
|7 uk2016924861
|4 aut
|
| 245 |
1 |
2 |
|a L'Autriche dans le cadre européen /
|c par M. Pernot, E. Pezet, M. Dunan, P. Bastid, R. Auernheimer, G. Perreux
|
| 264 |
|
1 |
|a Paris :
|b Centre européen de la dotation Carnegie,
|c 1935
|
| 300 |
|
|
|a IX, 176 stran ;
|c 20 cm
|
| 336 |
|
|
|a text
|b txt
|2 rdacontent
|
| 337 |
|
|
|a bez média
|b n
|2 rdamedia
|
| 338 |
|
|
|a svazek
|b nc
|2 rdacarrier
|
| 490 |
1 |
|
|a Publications de la Conciliation internationale ;
|v Bulletin Nos 4-5-6, 1935
|
| 655 |
|
7 |
|a sborníky
|7 fd163935
|2 czenas
|
| 700 |
1 |
|
|a Dunan, Marcel,
|d 1885-1978
|7 xx0145783
|4 aut
|
| 700 |
1 |
|
|a Auernheimer, Raoul,
|d 1876-1948
|7 jn20030820037
|4 aut
|
| 700 |
1 |
|
|a Perreux, Gabriel
|4 aut
|
| 700 |
1 |
|
|a Bastid, Paul,
|d 1892-1974
|4 aut
|
| 700 |
1 |
|
|a Pezet, Ernest,
|d 1887-1966
|7 mzk2015877348
|4 aut
|
| 830 |
|
0 |
|a Publications de la Conciliation internationale
|
| 910 |
|
|
|a BOA001
|b 1-0111.271,4/6-35
|
| 990 |
|
|
|a BK
|
| 991 |
|
|
|b 202303
|
| 996 |
7 |
|
|b 2618745825
|c 1-0111.271,4/6-35
|l MZK
|r Sklad / do 1 hodiny
|n 0
|w 001920020
|u 000010
|a 1
|e BOA001
|j MZK50
|s A
|